Normal view
MARC view
- Basu, Rumki.
Entry Personal Name
001 - CONTROL NUMBER
- control field: 57339
003 - CONTROL NUMBER IDENTIFIER
- control field: OSt
005 - DATE AND TIME OF LATEST TRANSACTION
- control field: 20240530101302.0
008 - FIXED-LENGTH DATA ELEMENTS
- fixed length control field: 240530|| aca||aabn | a|a d
040 ## - CATALOGING SOURCE
- Original cataloging agency: OSt
- Transcribing agency: OSt
100 ## - HEADING--PERSONAL NAME
- Personal name: Basu, Rumki.
670 ## - SOURCE DATA FOUND
- Source citation: Work cat.: (OSt): Basu, Rumki., The united nations :, ©2010.
